02188nam a2200361 a 4500001001200000003000800012006001900020007001500039008004100054010001700095020002600112020001800138020002700156040002100183035002100204050002500225082002000250245013400270260003500404300002400439504005100463505015700514520069900671533015201370650003101522650003401553650002701587655002901614700002301643710001701666856012601683999001701809ebr10575477CaPaEBRm u cr cn|||||||||120130s2012 njuad sb 001 0 eng d z 2012053468 z9781119952510 (cloth) z9780470566657 z9781118336694 (e-book) aCaPaEBRcCaPaEBR a(OCoLC)77469730614aQD412.P4bS65 2012eb04a547/.05636222300aSolid-phase organic syntheses.nVolume 2,pSolid-phase palladium chemistryh[electronic resource] /cedited by Peter J. H. Scott. aHoboken, N.J. :bWiley,c2012. axvi, 168 p. :bill. aIncludes bibliographical references and index.0 apt. 1. Introduction -- pt. 2. Palladium-mediated SPOS -- pt. 3. Immobilized catalysts and ligands -- pt. 4. Palladium-mediated multifunctional cleavage. a"This series informs researchers of major accomplishments in solid-phase organic synthesis and provides actual experimental details and specific references. With this series, a reader will be able to sharpen hands-on skills by following the experimental procedures and refining understanding of the science by studying the chosen reactions. More importantly, this series guides readers in designing novel compound libraries, and may also inspire future breakthroughs. This second volume focuses on palladium chemistry in solid-phase synthesis, and discusses: palladium catalysts and reactions, procedures for preparation and utilization, ligands, and linker reactions"--cProvided by publisher. aElectronic reproduction.bPalo Alto, Calif. :cebrary,d2013.nAvailable via World Wide Web.nAccess may be limited to ebrary affiliated libraries. 0aOrganopalladium compounds. 0aOrganic compoundsxSynthesis. 0aSolid-phase synthesis. 7aElectronic books.2local1 aScott, Peter J. H.2 aebrary, Inc.40uhttp://site.ebrary.com/lib/rucke/Doc?id=10575477zAn electronic book accessible through the World Wide Web; click to view c78135d78135